PHARMACEUTICS REGULATORY SCIENCE (Record no. 1219053)

MARC details
000 -LEADER
fixed length control field 00418nam a2200157Ia 4500
008 - FIXED-LENGTH DATA ELEMENTS--GENERAL INFORMATION
fixed length control field 260407s2023 xx 000 0 und d
041 ## - LANGUAGE CODE
Language code of text/sound track or separate title eng
082 ## - DEWEY DECIMAL CLASSIFICATION NUMBER
Classification number 615.1/HAJ
Item number 11561
100 ## - MAIN ENTRY--PERSONAL NAME
Personal name DR,ASHOK HAJARE
245 ## - TITLE STATEMENT
Title PHARMACEUTICS REGULATORY SCIENCE
250 ## - EDITION STATEMENT
Edition statement 3RD
260 ## - PUBLICATION, DISTRIBUTION, ETC.
Place of publication, distribution, etc. PUNE
Name of publisher, distributor, etc. NIRLAI PRAKASHAN
Date of publication, distribution, etc. 2023
300 ## - PHYSICAL DESCRIPTION
Extent 6.27p
650 ## - SUBJECT ADDED ENTRY--TOPICAL TERM
Topical term or geographic name entry element BIOSTATISTICS AND RESEARCH METHODOLOGY
650 ## - SUBJECT ADDED ENTRY--TOPICAL TERM
Topical term or geographic name entry element PHARMACEUTICS
Holdings
Withdrawn status Lost status Damaged status Not for loan Home library Current library Date acquired Cost, normal purchase price Total Checkouts Full call number Barcode Date last seen Price effective from Koha item type
        College of Pharmacy, Kolhapur College of Pharmacy, Kolhapur 21/03/2024 240.00   615.1/HAJ/11561 PCK-11561 08/04/2026 08/04/2026 Book